000 01004nam a2200289 a 4500
001 BRCA_4761
005 20190320204808.0
008 240910s1919----mx-a######---#000-0#spa-#
041 _aspa
044 _amx
050 4 _aF1210
_b.R66 3
_c1919
100 1 _aRomero de Terreros y Vinent, Manuel
_cMarqués de San Francisco
_d1880-1968
_9903
245 1 0 _aEx Antiquis
_bbocetos de la vida social en la Nueva España
_cpor D. Manuel Romero de Terreros y Vinent.
260 _aGuadalajara, Nueva Galicia
_bJaime
_c1919
300 _aix-xiii, 248 p.
_bil.
_c17 cm.
500 _aIncluye índice alfabético
500 _aEstado físico: Encuadernación deteriorada
500 _aEjemplar igual a CFG48 y D26
500 _aF11
504 _aBibliografía: p. 239-246
650 1 4 _aMujeres en México
_911619
651 4 _aMéxico
_xVida social y costumbres
_9769
651 4 _aMéxico
_xHistoria
_yColonia, 1540-1810
_9208
700 1 _aGonzález Obregón, Luis
_99108
902 _aGFM
942 _2lcc
_cB
999 _c4459
_d4459